Statistiques concernant Histoire - Colonies africaines en 1920

Cliquez ici pour prendre le quiz!

Statistiques générales

  • Ce quiz a été pris 147 fois
    (101 depuis la dernière actualisation)
  • Le résultat moyen est 20 sur 50

Statistiques - réponses

ColoniePays% Correct
AlgérieFrance
100%
BéninFrance
86%
Burkina FasoFrance
85%
Côte d'IvoireFrance
84%
CamerounFrance
79%
AngolaPortugal
79%
BotswanaRoyaume-Uni
75%
EgypteRoyaume-Uni
75%
DjiboutiFrance
71%
Cap VertPortugal
71%
GabonFrance
70%
ComoresFrance
67%
Guinée (Conakry)France
58%
MarocFrance
58%
MaliFrance
56%
MadagascarFrance
56%
GhanaRoyaume-Uni
55%
KenyaRoyaume-Uni
53%
GambieRoyaume-Uni
49%
BurundiBelgique
45%
ErythréeItalie
45%
Maroc - Nord OuestEspagne
42%
LibyeItalie
41%
LesothoRoyaume-Uni
41%
Guinée EquatorialeEspagne
37%
MauritanieFrance
36%
Guinée BissauPortugal
36%
MalawiRoyaume-Uni
33%
NigerFrance
29%
République du CongoFrance
27%
MozambiquePortugal
27%
MauriceRoyaume-Uni
27%
République Démocratique du CongoBelgique
26%
SénégalFrance
26%
NigeriaRoyaume-Uni
19%
RwandaBelgique
18%
Sao Tomé et PrincipePortugal
15%
TunisieFrance
12%
SeychellesRoyaume-Uni
11%
NamibieAfrique du Sud
8%
TchadFrance
8%
Sierra LeoneRoyaume-Uni
8%
SoudanRoyaume-Uni
8%
TogoFrance
7%
Somalie (Nord)Royaume-Uni
7%
Soudan du SudRoyaume-Uni
7%
Somalie (Sud)Italie
5%
ZimbabweRoyaume-Uni
5%
TanzanieRoyaume-Uni
4%
ZambieRoyaume-Uni
3%

Distribution des résultats

Percentile par nombre de réponses

% des personnes avec chaque résultat

Votre développement - résultats

Vous n’avez pas pris ce quiz depuis la dernière actualisation